Enhancing the Role of Insurance in Cyber Risk Management.

This report provides an overview of the financial impact of cyber incidents, the coverage of cyber risk available in the insurance market, the challenges to market development and initiatives to address those challenges.

Bibliographic Details
Main Author: OECD.
Format: eBook
Language:English
Published: Paris : Organization for Economic Cooperation & Development, 2017.
Edition:1st ed.
Subjects:
Online Access:Click to View
LEADER 01861nam a22004093i 4500
001 EBC30229393
003 MiAaPQ
005 20231204023229.0
006 m o d |
007 cr cnu||||||||
008 231204s2017 xx o ||||0 eng d
020 |a 9789264282148  |q (electronic bk.) 
020 |z 9789264282131 
035 |a (MiAaPQ)EBC30229393 
035 |a (Au-PeEL)EBL30229393 
035 |a (OCoLC)1351198668 
040 |a MiAaPQ  |b eng  |e rda  |e pn  |c MiAaPQ  |d MiAaPQ 
050 4 |a HG9963.5 .E54 2017 
100 1 |a OECD. 
245 1 0 |a Enhancing the Role of Insurance in Cyber Risk Management. 
250 |a 1st ed. 
264 1 |a Paris :  |b Organization for Economic Cooperation & Development,  |c 2017. 
264 4 |c Ã2017. 
300 |a 1 online resource (142 pages) 
336 |a text  |b txt  |2 rdacontent 
337 |a computer  |b c  |2 rdamedia 
338 |a online resource  |b cr  |2 rdacarrier 
520 |a This report provides an overview of the financial impact of cyber incidents, the coverage of cyber risk available in the insurance market, the challenges to market development and initiatives to address those challenges. 
588 |a Description based on publisher supplied metadata and other sources. 
590 |a Electronic reproduction. Ann Arbor, Michigan : ProQuest Ebook Central, 2023. Available via World Wide Web. Access may be limited to ProQuest Ebook Central affiliated libraries.  
650 0 |a Computer insurance. 
650 0 |a Risk management. 
650 0 |a Computer crimes--Prevention. 
655 4 |a Electronic books. 
776 0 8 |i Print version:  |a OECD  |t Enhancing the Role of Insurance in Cyber Risk Management  |d Paris : Organization for Economic Cooperation & Development,c2017  |z 9789264282131 
797 2 |a ProQuest (Firm) 
856 4 0 |u https://ebookcentral.proquest.com/lib/matrademy/detail.action?docID=30229393  |z Click to View